Score 0/27 Timer 10:00
0 Plays Today
Hint Word % Correct
Sheldon's youtube seriesFun with Flags
81.6%
The city which Sheldon and Leonard live inPasadena
76.5%
What colour shoes does amy wear to make herself more prominentYellow
76.5%
Stu the cockatoo is new at the...Zoo
75%
The university which the guys work atCaltech
71.3%
Raj's timid girlfriendLucy
69.1%
The area of physics which leonard works inExperimental
67.6%
Bernadette is in what when the others sing a song for her?Quarantine
63.2%
What they eat on a monday nightThai food
63.2%
Bonus question: Which apartment does penny live in?4B
59.6%
The TV show which Sheldon doesn't like, but the other guys doBabylon 5
56.6%
The Korean spy that Leonard datesJoyce Kim
53.7%
The nae of Wil Wheatons character in Star TrekWesley Crusher
50%
What Leonard would rather be calledAngelo
44.9%
Hint Word % Correct
43 is Sheldons record for whatHacky Sack
41.2%
When Leonard is floating an iron ball in his lab, which superhero does he say he feels like?Magneto
40.4%
2nd Emily's occupationDermatologist
39.7%
The creature that sits in Shedon's spot in one of his nightmaresGorn
36%
The Doctor that Leonard datesStephanie Barnett
33.8%
Sheldon considers Leonard to be this person in their landing partyKirk
32.4%
The surname of RamonaNowitzki
29.4%
Howard dresses as a jester to what?Renaissance fair
27.9%
One of the pieces in 3 person chessOld woman
20.6%
Howards song for Bernadette in series 8 was called...If I didn't have you
17.6%
Elizabeth Plimptons book was called: 'The Effervescent...'Universe
16.9%
The name of the actor who played AliciaValerie
3.7%
The thing used to send signals across the Internet and around the world X-10-system
1.5%
Remove Ads.
Support Sporcle.
Get the best of Sporcle when you Go Orange. This ad-free experience offers more features, more stats, and more fun while also helping to support Sporcle. Thank you for becoming a member.

You're not logged in!

Compare scores with friends on all Sporcle quizzes.
OR
Log In

Show Comments

Extras

Top Quizzes Today


Score Distribution

Your Account Isn't Verified!

In order to create a playlist on Sporcle, you need to verify the email address you used during registration. Go to your Sporcle Settings to finish the process.

Report this User

Report this user for behavior that violates our Community Guidelines.

Details: